000 00528cam a22001931 4500
001 af 47005372
003 DLC
005 20260227110831.0
008 800205s1945 ne 000 0 dut c
010 _aaf 47005372
035 _a(OCoLC)5951176
040 _aCalifornia. Univ. Libr.
_cTxU
_dTxU
_dDLC
042 _apremarc
050 0 0 _aPT5878.V6
_bV7
100 1 _aVries, Theun de,
_d1907-
245 1 3 _aDe vrijheid gaat in 't rood gekleed.
260 _aAmsterdam,
_bRepubliek der Letteren,
_c1945.
300 _a279 p.
_c20 cm.
999 _c3082
_d3082